A pobreza em Portugal (Registo nº 199097)

Detalhes MARC
000 -Etiqueta do registo
Valores 00572nam 22001933 4500
021 ## - Número do Depósito Legal
Código do país Portugal
Número 11493/86
100 ## - Dados gerais de processamento
Dados gerais 20251118d u||y0pory50 ba
200 ## - Titulo e menção de responsabilidade
Título próprio A pobreza em Portugal
Primeira menção de responsabilidade A. Bruto da Costa... [et al.]
210 ## - Publicação
Local de publicação [S.l.]
Nome do editor Serviços da Cáritas Portuguesas
Data de publicação 1985
215 ## - Descrição física 
Paginação / Volumes 207 p.
Outras indicações físicas brochado
Dimensões 21 cm
225 ## - Colecção 
Título próprio da colecção Cáritas
Número de parte ou secção 6
606 ## - Nome comum usado como assunto
ID Autoridade 35
Palavra de ordem Sociologia. Demografia.Estatística
675 ## - CDU
Notação 31
Edição PT
Língua por
700 ## - Autor principal (pessoa individual)
ID Autoridade 14999
Apelido Costa
Nome Alfredo Bruto da
Datas 1938-2016
801 ## - Fonte de origem
País PT
Agência BMMN
Regras de catalogação RPC
830 ## - Notas gerais do catalogador
Criado por Vanda
990 ## - Elementos KOHA
Tipo de documento Livro
Exemplares
Situação do levantamento Biblioteca de origem Código de barras Cota Permissão de empréstimo Tipo de documento Forma de aquisição
  Biblioteca Municipal de Montemor-o-Novo 27835 31 POB|DEP   Livro Oferta

Powered by Koha